[Event "Scarborough op"]
[Site "Scarborough"]
[Date "2022.10.30"]
[Round "5"]
[White "Burnett, Jim"]
[Black "Makkar, Rajat"]
[Result "0-1"]
[WhiteElo "2084"]
[BlackElo "2399"]
[PlyCount "72"]
[EventDate "2022.10.28"]
[EventType "swiss"]
[EventRounds "5"]
[EventCountry "ENG"]
[SourceTitle "EXT 2024"]
[Source "ChessBase"]
[SourceDate "2023.10.10"]
[SourceVersion "1"]
[SourceVersionDate "2023.10.10"]
[SourceQuality "1"]

1. d4 d5 2. c4 c6 3. Nf3 Nf6 4. e3 e6 5. b3 Ne4 6. Bb2 Bb4+ 7. Nbd2 Qf6 8. Qe2 Nd7 9. a3 Bd6 10. Nxe4 dxe4 11. Nd2 Qg6 12. g3 e5 13. Bg2 f5 14. 0-0 0-0 15. c5 Bc7 16. Nc4 b5 17. cxb6 axb6 18. dxe5 Ba6 19. Qc2 Qe6 20. Rfc1 Rfd8 21. Bf1 Nc5 22. Rd1 b5 23. Nd6 Nxb3 24. Rab1 Na5 25. Nxb5 Rxd1 26. Nxc7 Rxb1 27. Qxb1 Qb3 28. Nxa8 Bxf1 29. Kxf1 Nc4 30. Qc1 Nxb2 31. Qxc6 Qd1+ 32. Kg2 Qf3+ 33. Kg1 h5 34. h4 Nd3 35. Qc8+ Kh7 36. Qc2 Ne1 0-1

[Event "BCF-chT 2122 (4NCL)"]
[Site "England"]
[Date "2022.02.13"]
[Round "4.98"]
[White "Blake, J Morgan"]
[Black "Burnett, Jim"]
[Result "1/2-1/2"]
[WhiteElo "1978"]
[BlackElo "2055"]
[PlyCount "37"]
[EventDate "2021.11.27"]
[EventType "team-swiss"]
[EventRounds "11"]
[EventCountry "ENG"]
[SourceTitle "EXT 2023"]
[Source "ChessBase"]
[SourceDate "2022.10.05"]
[SourceVersion "1"]
[SourceVersionDate "2022.10.05"]
[SourceQuality "1"]
[WhiteTeam "Sussex Martlets"]
[BlackTeam "Chessable White Rose II"]
[WhiteTeamCountry "ENG"]
[BlackTeamCountry "ENG"]

1. e4 e6 2. d4 d5 3. Nd2 c5 4. exd5 Qxd5 5. Ngf3 cxd4 6. Bc4 Qd6 7. 0-0 Nf6 8. Nb3 Nc6 9. Nbxd4 Nxd4 10. Nxd4 a6 11. Re1 Be7 12. Bb3 0-0 13. Nf3 Qxd1 14. Rxd1 Rd8 15. Be3 Rxd1+ 16. Rxd1 Bd7 17. Ne5 Be8 18. Bb6 Ne4 19. c3 1/2-1/2

[Event "BCF-chT 2122 (4NCL)"]
[Site "England"]
[Date "2021.11.28"]
[Round "2.97"]
[White "Burnett, Jim"]
[Black "Peck, Silas"]
[Result "1/2-1/2"]
[WhiteElo "2055"]
[BlackElo "1983"]
[PlyCount "47"]
[EventDate "2021.11.27"]
[EventType "team-swiss"]
[EventRounds "11"]
[EventCountry "ENG"]
[SourceTitle "EXT 2023"]
[Source "ChessBase"]
[SourceDate "2022.10.05"]
[SourceVersion "1"]
[SourceVersionDate "2022.10.05"]
[SourceQuality "1"]
[WhiteTeam "Chessable White Rose II"]
[BlackTeam "Anglian Avengers"]
[WhiteTeamCountry "ENG"]
[BlackTeamCountry "ENG"]

1. d4 d5 2. c4 e6 3. Nc3 Nf6 4. Bg5 Be7 5. e3 0-0 6. Nf3 Nbd7 7. Rc1 c6 8. Bd3 dxc4 9. Bxc4 Nd5 10. Bxe7 Qxe7 11. Ne4 e5 12. dxe5 Nxe5 13. Bxd5 cxd5 14. Qxd5 Qb4+ 15. Nfd2 Qxb2 16. Rb1 Be6 17. Rxb2 Bxd5 18. 0-0 Rfd8 19. Nc3 Bc6 20. Nb3 b6 21. Nd4 Bb7 22. Rd1 Ba6 23. h3 h6 24. Kh2 1/2-1/2

[Event "BCF-chT2a 1920 (4NCL)"]
[Site "Daventry"]
[Date "2020.03.01"]
[Round "2.47"]
[White "Headlong, Fenella"]
[Black "Burnett, Jim"]
[Result "0-1"]
[WhiteElo "1762"]
[BlackElo "2030"]
[PlyCount "74"]
[EventDate "2020.01.11"]
[EventType "team-tourn"]
[EventRounds "11"]
[EventCountry "ENG"]
[SourceTitle "CBM 195 Extra"]
[Source "ChessBase"]
[SourceDate "2020.05.31"]
[SourceVersion "1"]
[SourceVersionDate "2020.05.31"]
[SourceQuality "1"]
[WhiteTeam "Check Innmates"]
[BlackTeam "Chessable White Rose II"]
[WhiteTeamCountry "ENG"]
[BlackTeamCountry "ENG"]

1. e4 e6 2. d4 d5 3. e5 c5 4. c3 Nc6 5. Nf3 Nh6 6. Be2 Nf5 7. Be3 Be7 8. 0-0 0-0 9. Qd2 Nxe3 10. fxe3 f6 11. exf6 Bxf6 12. Na3 Qe7 13. h3 Bd7 14. Nc2 Rad8 15. dxc5 Qxc5 16. Nfd4 Ne5 17. Qd1 Rf7 18. Bh5 g6 19. Bg4 Qd6 20. Qe2 Rdf8 21. e4 h5 22. Bf3 Nxf3+ 23. Nxf3 Qb6+ 24. Qf2 Bd8 25. e5 Qxb2 26. Rab1 Qxc3 27. Qxa7 Qxc2 28. Rxb7 Be8 29. Kh2 Qf5 30. Qb8 Rxb7 31. Qxb7 Qf7 32. Qc8 Qd7 33. Qa6 Qc6 34. Qa7 Qa4 35. Qb8 Qb5 36. Qxb5 Bxb5 37. Rb1 Bd3 0-1

[Event "BCF-chT2a 1920 (4NCL)"]
[Site "Daventry"]
[Date "2020.02.29"]
[Round "1.46"]
[White "Myall, Ivan J"]
[Black "Burnett, Jim"]
[Result "1-0"]
[WhiteElo "2001"]
[BlackElo "2030"]
[PlyCount "89"]
[EventDate "2020.01.11"]
[EventType "team-tourn"]
[EventRounds "11"]
[EventCountry "ENG"]
[SourceTitle "CBM 195 Extra"]
[Source "ChessBase"]
[SourceDate "2020.05.31"]
[SourceVersion "1"]
[SourceVersionDate "2020.05.31"]
[SourceQuality "1"]
[WhiteTeam "Anglian Avengers"]
[BlackTeam "Chessable White Rose II"]
[WhiteTeamCountry "ENG"]
[BlackTeamCountry "ENG"]

1. e4 e6 2. d4 d5 3. Nc3 Bb4 4. e5 c5 5. a3 Bxc3+ 6. bxc3 Ne7 7. Qg4 Qc7 8. Qxg7 Rg8 9. Qxh7 cxd4 10. Qd3 dxc3 11. Ne2 Qxe5 12. Qxc3 Nbc6 13. Qxe5 Nxe5 14. Ng3 Bd7 15. Bb2 N7c6 16. h4 0-0-0 17. h5 f6 18. Be2 Rdf8 19. 0-0-0 Be8 20. Rdg1 Ng4 21. Bxg4 Rxg4 22. Ne2 e5 23. f3 Rg7 24. g4 Rh7 25. Ng3 Bd7 26. Kd1 Be6 27. Rh4 a5 28. Ne2 Re8 29. f4 Bf7 30. h6 Kd7 31. g5 fxg5 32. fxg5 Rg8 33. Rh2 Rg6 34. Rf1 Ke8 35. Bc1 Ne7 36. Rhf2 Rc6 37. Rf6 Rc7 38. Ng3 Bg6 39. Rxg6 Nxg6 40. Rf6 Nf4 41. Bxf4 exf4 42. Nf5 Rhf7 43. Nd6+ Kf8 44. Nxf7 Rxf7 45. h7 1-0

[Event "Harrogate 4NCL op 24th"]
[Site "Harrogate"]
[Date "2020.01.19"]
[Round "4"]
[White "Burnett, Jim"]
[Black "Roberts, Paul"]
[Result "0-1"]
[WhiteElo "2030"]
[BlackElo "2119"]
[PlyCount "158"]
[EventDate "2020.01.17"]
[EventType "swiss"]
[EventRounds "5"]
[EventCountry "ENG"]
[SourceTitle "CBM 194 Extra"]
[Source "ChessBase"]
[SourceDate "2020.03.31"]
[SourceVersion "1"]
[SourceVersionDate "2020.03.31"]
[SourceQuality "1"]

1. d4 e6 2. Nf3 f5 3. g3 Nf6 4. Bg2 d5 5. 0-0 Bd6 6. c4 c6 7. Nc3 0-0 8. Qc2 Ne4 9. Rb1 a5 10. c5 Bc7 11. Bf4 Nd7 12. Bxc7 Qxc7 13. Na4 e5 14. dxe5 Nxe5 15. Nxe5 Qxe5 16. Nb6 Rb8 17. Nxc8 Rbxc8 18. e3 Qe7 19. Rbc1 Rcd8 20. Rfd1 h5 21. f3 Ng5 22. Qc3 Rde8 23. Re1 h4 24. Kf2 Qc7 25. gxh4 Ne6 26. f4 d4 27. exd4 Qxf4+ 28. Kg1 Nxd4 29. Kh1 Kh8 30. Rxe8 Rxe8 31. Re1 Rxe1+ 32. Qxe1 Kh7 33. Kg1 a4 34. h3 Nc2 35. Qe8 Qxh4 36. Qf7 Qe1+ 37. Kh2 Qe5+ 38. Kh1 Ne3 39. Qxb7 Nxg2 40. Kxg2 Qxc5 41. Kg3 Kh6 42. b4 Qe5+ 43. Kg2 Qd5+ 44. Kg3 Qe4 45. Qb6 g6 46. Qb8 Qe3+ 47. Kg2 Qd2+ 48. Kg3 Qd3+ 49. Kg2 Kg5 50. Qf8 Qd2+ 51. Kf3 Qd3+ 52. Kg2 Qc2+ 53. Kg3 Qc3+ 54. Kg2 Qb2+ 55. Kg3 Qa3+ 56. Kg2 Qxa2+ 57. Kg3 Qb3+ 58. Kg2 Qd5+ 59. Kf2 Qd2+ 60. Kf3 Qd3+ 61. Kg2 Qe4+ 62. Kf2 Qd4+ 63. Kf3 Qc3+ 64. Kg2 Kf4 65. Qd6+ Ke3 66. Qg3+ Kd2 67. Qxg6 Qc2 68. Kf3 Qe4+ 69. Kf2 a3 70. Qf7 Qd4+ 71. Kg3 Qd5 72. Qg7 Qb3+ 73. Kg2 a2 74. Qg5+ Qe3 75. Qd8+ Kc2 76. Qf6 Qd2+ 77. Kg1 Qc1+ 78. Kf2 a1Q 79. Qxf5+ Kb2 0-1

[Event "BCF-ch rapidplay 33rd"]
[Site "Pudsey"]
[Date "2019.11.24"]
[Round "11"]
[White "Burnett, Jim"]
[Black "Han, Yichen"]
[Result "1/2-1/2"]
[WhiteElo "2037"]
[BlackElo "2201"]
[PlyCount "143"]
[EventDate "2019.11.23"]
[EventType "swiss (rapid)"]
[EventRounds "11"]
[EventCountry "ENG"]
[SourceTitle "CBM 193 Extra"]
[Source "ChessBase"]
[SourceDate "2020.01.31"]
[SourceVersion "1"]
[SourceVersionDate "2020.01.31"]
[SourceQuality "1"]

1. d4 d5 2. c4 c6 3. Nf3 Nf6 4. Nc3 e6 5. Bg5 h6 6. Bh4 dxc4 7. e4 g5 8. Bg3 b5 9. Be2 Nbd7 10. Qc2 Bb7 11. Rd1 Qb6 12. 0-0 0-0-0 13. b3 cxb3 14. axb3 a6 15. d5 c5 16. dxe6 fxe6 17. Ne5 Rh7 18. Ng6 h5 19. Nxf8 Nxf8 20. Rxd8+ Qxd8 21. Nxb5 Nxe4 22. Na7+ Kd7 23. Rd1+ Bd5 24. Qxe4 Ke8 25. Qa4+ Qd7 26. Nc8 Qxa4 27. bxa4 h4 28. Be5 Nd7 29. Bc3 Kd8 30. Bxa6 h3 31. Ba5+ Ke8 32. gxh3 Ne5 33. Bb5+ Kf8 34. Be2 Rxh3 35. Nb6 Bb3 36. Rc1 Nc6 37. Nd7+ Ke7 38. Nxc5 Nxa5 39. Nxb3 Nxb3 40. Rd1 Rh4 41. Bb5 Nd4 42. Rb1 g4 43. Kg2 Kf6 44. Rb4 Nf3 45. Be2 Rxh2+ 46. Kg3 Rh3+ 47. Kg2 Kf5 48. Bxf3 Rxf3 49. Rb8 Ra3 50. Ra8 Kf4 51. a5 e5 52. a6 Ke4 53. a7 Ra2 54. Kg3 Ra4 55. Kxg4 Ra1 56. Kg5 Ra6 57. f3+ Ke3 58. Kf5 Ra5 59. Ke6 e4 60. fxe4 Kxe4 61. Kd6 Kd4 62. Kc6 Kc4 63. Kb6 Kb4 64. Rh8 Rb5+ 65. Kc6 Rc5+ 66. Kb7 Rb5+ 67. Ka8 Ka5 68. Rb8 Rh5 69. Rb1 Ka6 70. Ra1+ Kb6 71. Rb1+ Ka6 72. Ra1+ 1/2-1/2

[Event "GBR-ch 65+ 106th"]
[Site "Torquay"]
[Date "2019.07.30"]
[Round "2"]
[White "Burnett, Jim"]
[Black "Dennis, Nigel W"]
[Result "1-0"]
[WhiteElo "2018"]
[BlackElo "1745"]
[PlyCount "141"]
[EventDate "2019.07.29"]
[EventType "swiss"]
[EventRounds "7"]
[EventCountry "ENG"]
[SourceTitle "EXT 2020"]
[Source "ChessBase"]
[SourceDate "2019.10.17"]
[SourceVersion "1"]
[SourceVersionDate "2019.10.17"]
[SourceQuality "1"]

1. d4 Nf6 2. c4 g6 3. g3 Bg7 4. Bg2 d6 5. Nf3 0-0 6. Nc3 Nbd7 7. 0-0 e5 8. e4 exd4 9. Nxd4 Nc5 10. h3 Ne6 11. Nde2 Re8 12. Qc2 Rb8 13. Be3 b6 14. Rfd1 Qe7 15. Rac1 Bb7 16. Nd5 Nxd5 17. exd5 Nf8 18. Nd4 a5 19. Qd2 Nd7 20. Re1 Qf8 21. b3 Nc5 22. Kh2 Ne4 23. Qc2 Nc5 24. Rcd1 Bh6 25. f4 Bg7 26. Bf3 Bc8 27. Nc6 Ra8 28. g4 Bd7 29. f5 Bxc6 30. dxc6 Be5+ 31. Kg2 Qg7 32. Bd5 Bc3 33. fxg6 hxg6 34. Re2 Ne6 35. Rf1 Rf8 36. Ref2 Rae8 37. Rf3 Bd4 38. Qd2 Bxe3 39. Qxe3 Qe5 40. Qf2 Ng5 41. Rf6 Kg7 42. h4 Ne4 43. Rxf7+ Rxf7 44. Qxf7+ Kh8 45. Bxe4 Qxe4+ 46. Qf3 Kg7 47. Rf2 Re7 48. Qxe4 Rxe4 49. Kf3 Rd4 50. Rg2 a4 51. Ke3 Rd1 52. bxa4 Rh1 53. c5 bxc5 54. Rb2 Rh3+ 55. Ke4 Rxh4 56. Kd5 Rxg4 57. Ke6 c4 58. Kd7 c3 59. Rc2 Rxa4 60. Rxc3 Ra7 61. Kc8 Kf6 62. a3 Ke6 63. Kb8 Ra4 64. Kxc7 Rh4 65. Kb7 d5 66. c7 Rh7 67. Kb8 Rh8+ 68. c8Q+ Rxc8+ 69. Kxc8 d4 70. Rc6+ Kd5 71. Rxg6 1-0

[Event "BCF-chT3N 1819 (4NCL)"]
[Site "England"]
[Date "2019.05.05"]
[Round "10.15"]
[White "Gostelow, David W"]
[Black "Burnett, Jim"]
[Result "0-1"]
[WhiteElo "1922"]
[BlackElo "2117"]
[PlyCount "70"]
[EventDate "2018.11.10"]
[EventType "team-swiss"]
[EventRounds "11"]
[EventCountry "ENG"]
[SourceTitle "EXT 2021"]
[Source "ChessBase"]
[SourceDate "2020.10.23"]
[SourceVersion "1"]
[SourceVersionDate "2020.10.23"]
[SourceQuality "1"]
[WhiteTeam "Shropshire"]
[BlackTeam "White Rose II"]
[WhiteTeamCountry "ENG"]
[BlackTeamCountry "ENG"]

1. d4 d5 2. Bf4 Nf6 3. e3 c5 4. c3 Nc6 5. Bd3 Qb6 6. b3 Bg4 7. f3 Bh5 8. Ne2 e6 9. 0-0 Bg6 10. Bxg6 hxg6 11. h3 Be7 12. Qd3 0-0 13. Nd2 Rfd8 14. Rfd1 Rac8 15. Rab1 Nh5 16. Bh2 cxd4 17. exd4 e5 18. Kh1 exd4 19. Nxd4 Nxd4 20. cxd4 Bd6 21. Rbc1 Bxh2 22. Kxh2 Qd6+ 23. Kg1 Nf4 24. Qf1 Rxc1 25. Rxc1 Qb6 26. Rd1 Qxd4+ 27. Qf2 Qxf2+ 28. Kxf2 Rc8 29. Kg3 Ne6 30. f4 Rc2 31. Nf3 Rxa2 32. Rxd5 Rxg2+ 33. Kh4 f6 34. Rd7 Nxf4 35. Rxb7 g5+ 0-1

[Event "BCF-chT3N 1819 (4NCL)"]
[Site "England"]
[Date "2019.01.12"]
[Round "3.13"]
[White "Burnett, Jim"]
[Black "Carpenter, James M"]
[Result "1-0"]
[WhiteElo "2117"]
[BlackElo "1979"]
[PlyCount "33"]
[EventDate "2018.11.10"]
[EventType "team-swiss"]
[EventRounds "11"]
[EventCountry "ENG"]
[SourceTitle "EXT 2021"]
[Source "ChessBase"]
[SourceDate "2020.10.23"]
[SourceVersion "1"]
[SourceVersionDate "2020.10.23"]
[SourceQuality "1"]
[WhiteTeam "White Rose II"]
[BlackTeam "Jorvik"]
[WhiteTeamCountry "ENG"]
[BlackTeamCountry "ENG"]

1. d4 f5 2. g3 Nf6 3. Bg2 g6 4. Nf3 Bg7 5. 0-0 0-0 6. b3 d6 7. c4 Qe8 8. Nc3 c6 9. Qc2 e5 10. dxe5 dxe5 11. Ba3 Rf7 12. e4 h6 13. Nh4 Nxe4 14. Nxe4 fxe4 15. Bxe4 g5 16. Bh7+ Kh8 17. Ng6+ 1-0

[Event "BCF-ch Seniors 65"]
[Site "Hull"]
[Date "2018.07.29"]
[Round "1"]
[White "McKerracher, Douglas"]
[Black "Burnett, Jim"]
[Result "0-1"]
[WhiteElo "1897"]
[BlackElo "2088"]
[PlyCount "98"]
[EventDate "2018.07.29"]
[EventType "swiss"]
[EventRounds "7"]
[EventCountry "ENG"]
[SourceTitle "CBM 185 Extra"]
[Source "ChessBase"]
[SourceDate "2018.07.29"]
[SourceVersion "1"]
[SourceVersionDate "2018.07.29"]
[SourceQuality "1"]

1. e4 e6 2. d3 d5 3. Nd2 Nf6 4. Ngf3 Bc5 5. g3 dxe4 6. Nb3 Bb6 7. Nfd2 exd3 8. Bxd3 0-0 9. Qe2 e5 10. Ne4 Nxe4 11. Bxe4 f5 12. Bg2 c6 13. Bd2 Nd7 14. 0-0-0 Qe7 15. Rhe1 Re8 16. Bc3 Bc7 17. Qd2 Qf7 18. Kb1 Nf8 19. Nc5 Rb8 20. h4 b6 21. Nd3 e4 22. Nf4 Ne6 23. Nh3 h6 24. Bf1 b5 25. b3 c5 26. Bb2 a6 27. c4 Rd8 28. Qe3 Bd7 29. Be2 Bc6 30. Nf4 Nd4 31. Bh5 Qf6 32. Rc1 Be8 33. Be2 Qf8 34. Nd5 Ba5 35. Red1 Nxe2 36. Qxe2 Bf7 37. Ne3 bxc4 38. Nxc4 Bc7 39. Ne3 f4 40. gxf4 Rxd1 41. Rxd1 Bxf4 42. Rg1 g5 43. Qxa6 Qd6 44. Qxd6 Bxd6 45. hxg5 hxg5 46. Nf5 Bf4 47. Rh1 Be8 48. Rh8+ Kf7 49. Rh7+ Kg6 0-1

[Event "BCF-chT2 1718 (4NCL) Demotion pool"]
[Site "England"]
[Date "2018.05.06"]
[Round "10.52"]
[White "Burnett, Jim"]
[Black "Mason, Donald"]
[Result "1/2-1/2"]
[WhiteElo "2105"]
[BlackElo "2192"]
[PlyCount "42"]
[EventDate "2017.11.11"]
[EventType "team-tourn"]
[EventRounds "11"]
[EventCountry "ENG"]
[SourceTitle "EXT 2020"]
[Source "ChessBase"]
[SourceDate "2019.10.17"]
[SourceVersion "1"]
[SourceVersionDate "2019.10.17"]
[SourceQuality "1"]
[WhiteTeam "White Rose II"]
[BlackTeam "Warwicks Select"]
[WhiteTeamCountry "ENG"]
[BlackTeamCountry "ENG"]

1. d4 Nf6 2. Bg5 d5 3. e3 Ne4 4. Bf4 c5 5. c3 Nc6 6. Bd3 Nf6 7. h3 g6 8. Nf3 Bg7 9. 0-0 0-0 10. Nbd2 Nd7 11. Bc2 e5 12. dxe5 Ndxe5 13. Nxe5 Nxe5 14. Nf3 Nc4 15. Rb1 f5 16. Qc1 Be6 17. Rd1 Qe7 18. Bd3 Nb6 19. Be5 g5 20. Bxg7 Qxg7 21. Nh2 Rac8 1/2-1/2

[Event "Doncaster 4NCL op-A 18th"]
[Site "Doncaster"]
[Date "2018.04.14"]
[Round "3"]
[White "Ther, Mate T"]
[Black "Burnett, Jim"]
[Result "1-0"]
[WhiteElo "1590"]
[BlackElo "2105"]
[PlyCount "93"]
[EventDate "2018.04.13"]
[EventType "swiss"]
[EventRounds "5"]
[EventCountry "ENG"]
[SourceTitle "CBM 184 Extra"]
[Source "ChessBase"]
[SourceDate "2018.06.28"]
[SourceVersion "1"]
[SourceVersionDate "2018.06.28"]
[SourceQuality "1"]

1. e4 d5 2. exd5 Qxd5 3. Nc3 Qa5 4. d4 Nf6 5. Bc4 c6 6. Bd2 Bf5 7. Ne4 Qd8 8. Nxf6+ gxf6 9. c3 e6 10. Bf4 Bd6 11. Qd2 Qc7 12. Bxd6 Qxd6 13. Ne2 Nd7 14. Bb3 0-0-0 15. 0-0-0 Nb6 16. Ng3 Bg6 17. f3 h5 18. Ne4 Qe7 19. Qf4 Bxe4 20. fxe4 Rdg8 21. Rhf1 Nd7 22. d5 Rxg2 23. dxc6 bxc6 24. Bc4 e5 25. Qf3 Rg6 26. Qf2 Nb6 27. Qf5+ Kc7 28. Be2 Rhh6 29. h4 Rg2 30. Bxh5 Nc4 31. Bg4 Rxg4 32. Qxg4 Ne3 33. Qg1 Nxd1 34. Qxa7+ Kd6 35. Qb8+ Ke6 36. Rxd1 f5 37. Qc8+ Kf6 38. Qxf5+ Kg7 39. Rg1+ Rg6 40. Rxg6+ fxg6 41. Qg5 Qe6 42. h5 Qxa2 43. Qxg6+ Kf8 44. Qf6+ Kg8 45. h6 Qa1+ 46. Kc2 Qa4+ 47. Kd2 1-0